| 000 | 00783nam a2200217 a 4500 | ||
|---|---|---|---|
| 001 | BRCA_950 | ||
| 005 | 20190320203223.0 | ||
| 008 | 941012s1994 mx-a---##b---f000-0#spa-# | ||
| 040 |
_aDLC _cDLC |
||
| 050 | 4 |
_aHD9506.M4 _b.A58 1994 |
|
| 245 | 1 | 0 |
_aAntología minera de México _ccoordinación general Javier Moctezuma Barragán, Sergio Peláez Farell. |
| 260 |
_aMéxico _bSecretaría de Energía, Minas e Industria Paraestatal _c1994 |
||
| 300 |
_a183 p. _bil. a color _c31 cm. |
||
| 500 | _aIncluye índice de ilustraciones | ||
| 504 | _aBibliografía: p. 176-177 | ||
| 650 | 1 | 4 |
_aIndustrias minerales _xHistoria _zMéxico _93141 |
| 650 | 1 | 4 |
_aMinas _xHistoria _zMéxico _93142 |
| 700 | 1 |
_aMoctezuma Barragán, Javier _93143 |
|
| 700 | 1 |
_aPeláez Farell, Sergio _93144 |
|
| 942 |
_2lcc _cB |
||
| 999 |
_c839 _d839 |
||